Disney Plus Shows By Picture - Statistics

General Stats
  • This quiz has been taken 598 times
  • The average score is 6 of 10
Answer Stats
Picture Hint Answer % Correct
Marvel Loki
88%
Marvel Hawkeye
72%
Marvel The Falcon And The Winter Soldier
71%
Marvel WandaVision
66%
Pixar Monsters At Work
65%
Lucasfilm The Mandalorian
61%
Disney High School Musical: The Musical: The Series
45%
Lucasfilm The Book Of Boba Fett
44%
Lucasfilm Ahsoka
36%
Lucasfilm Obi-Wan Kenobi
34%
No matching quizzes found
Score Distribution
Percent of People with Each Score
Percentile by Number Answered
Your Score History
You have not taken this quiz